000 00673nam a22002057a 4500
005 20251108173021.0
008 250721s1997 xx 000 0 ara d
020 _a9960203735
082 1 4 _aط/ 597.96/ثعب
100 1 _aفتحي، تراجي
_eTran.
245 1 0 _aالثعبان : حيوانات ذات دماء باردة /
264 1 _aالرياض :
_bمكتبة العبيكان،
_c1997.
300 _a29 ص.:مص
490 0 _aأسرار عالم الحيوان
_v33
650 1 7 _aالثعابين
650 1 7 _aمورفولوجيا الحيوان
653 _aأطفال مرحلة متوسطة (6-9 سنوات)
942 _2ddc
_cBK
999 _c94104
_d94104